Holiday Quiz

Random Holiday or Christmas Quiz
Score 0/24 Timer 01:30
0 Plays Today
% Correct
_NGEL
92.5%
_ECORATIONS
89.9%
_GG NOG
89.8%
_AROL SINGERS
89.5%
_ELLS
86.6%
_INGERBREAD HOUSE
86.5%
_VY
85%
_ESUS
84.6%
_OLLY WREATH
84.3%
_RANKINCENSE
83.8%
_RIS KRINGLE
81.3%
_ISTLETOE
79%
% Correct
_IST FOR SANTA
73%
_ATIVITY
72.7%
_RNAMENTS
72.4%
_EINDEER
69%
_OINSETTIA
66.3%
_CENTED CANDLES
62.9%
_INSEL
59.1%
_NWRAPPING GIFTS
57.6%
_ISITING FAMILY
54.5%
_MAS
51.5%
_ULE LOG
48.2%
_ASSAILING
42.6%
Remove Ads.
Support Sporcle.
Get the best of Sporcle when you Go Orange. This ad-free experience offers more features, more stats, and more fun while also helping to support Sporcle. Thank you for becoming a member.

You're not logged in!

Compare scores with friends on all Sporcle quizzes.
OR
Log In

Sporcle TV

Today on Sporcle TV


Watch our educational content, quiz creation guides, and fun videos on Sporcle TV.

Show Comments

Extras

Top Quizzes Today


Score Distribution

Paid Content

Your Account Isn't Verified!

In order to create a playlist on Sporcle, you need to verify the email address you used during registration. Go to your Sporcle Settings to finish the process.

Report this User

Report this user for behavior that violates our Community Guidelines.

Details: